000 01034nam a22003257a 4500
001 00740
003 DO-SdBPM
005 20250708092048.0
007 ta
008 160708b2009 ag ||| 00| 0 spa d
020 _a97898704127000
040 _aDO-SdBPM
_bspa
_cBPMSU
_erda
082 4 _a823.91
_bW453h 2009
_222
100 1 _aWells, H. G.,
_d1866-1946,
_eauthor.
_960
240 1 4 _aThe invisible man : a grotesque romance
245 1 3 _aEl hombre invisible /
_cH. G. Wells ; prólogo Carlos Gamerro ; traducción Luz Freire
264 _aBuenos Aires :
_bAguilar,
_c2009.
300 _a236 páginas :
_c19 cm.
336 _atexto
_btxt
_2rdacontent
337 _asin mediación
_bn
_2rdamedia
338 _avolumen
_bnc
_2rdacarrier
490 0 _aRoja
590 _aInventariado, 2025/VM
650 7 _aNovela
_xCiencia ficción
650 7 _aLiteratura inglesa
_ySiglo XX
700 1 _aGamerro, Carlos,
_eprólogo
700 1 _aFreire, Luz
_etraductor
910 _aVMateo V. Control de calidad. BPMSU
942 _2ddc
_cBK
999 _c10791
_d10791